书目信息 |
| 题名: |
遗传毒理与环境检测
|
|
| 作者: | 金波 陈光荣 | |
| 分册: | ||
| 出版信息: | 武汉 华中师范大学出版社 1998 |
|
| 页数: | 294 | |
| 开本: | 20cm | |
| 丛书名: | 华中师范大学出版基金丛书 | |
| 单 册: | ||
| 中图分类: | R99 | |
| 科图分类: | ||
| 主题词: | 毒理学 | |
| 电子资源: | ||
| ISBN: | 7-5622-1720-3 | |
| 000 | 00631nam0 2200205 450 | |
| 001 | 0741144344 | |
| 005 | 20070817112544.34 | |
| 010 | @a7-5622-1720-3@d¥15.00 | |
| 100 | @a20070817d km y0chiy0120 ea | |
| 101 | 0 | @achi |
| 200 | 1 | @a遗传毒理与环境检测@Ayi chuan du li yu huan jing jian ce@f金波 陈光荣@Fjin bo chen guang rong |
| 210 | @a武汉@c华中师范大学出版社@d1998 | |
| 215 | @a294@d20cm | |
| 225 | 2 | @a华中师范大学出版基金丛书 |
| 410 | 0 | @12001 @a华中师范大学出版基金丛书 |
| 606 | 0 | @a毒理学 |
| 690 | @aR99@v3 | |
| 701 | 0 | @a金波 陈光荣@Ajin bo chen guang rong |
| 801 | 0 | @aCN@bPFT@c20070817 |
| 905 | @a213230@dR99@en1@f1 | |
| 遗传毒理与环境检测/金波 陈光荣.-武汉:华中师范大学出版社,1998 |
| 294;20cm.-(华中师范大学出版基金丛书) |
| ISBN 7-5622-1720-3:¥15.00 |
| ● |
| 相关链接 |
|
|
|
|
正题名:遗传毒理与环境检测
索取号:R99/n1
 
预约/预借
| 序号 | 登录号 | 条形码 | 馆藏地/架位号 | 状态 | 备注 |
| 1 | 6600938 | 266009384 | 密集书库-生命科学系/ [索取号:R99/n1] | 在馆 |